Biología celular y molecular

Tallennettuna:
Bibliografiset tiedot
Päätekijä: De Robertis, Eduardo M. F
Muut tekijät: Hib, José, Ponzio, Roberto
Aineistotyyppi: Kirja
Kieli:espanja
Julkaistu: Buenos Aires El Ateneo 1997
Painos:Décimo segunda edición
Aiheet:
Tagit: Lisää tagi
Ei tageja, Lisää ensimmäinen tagi!

MARC

LEADER 00000nam a2200000 a 4500
001 UCS7959
003 CL-VaPUC
005 20250103105256.0
008 971024e19970000AG |||||||||||||||||spa|d
999 |c 262687  |d 262685 
040 |c Pontificia Universidad Católica de Valparaíso 
082 0 4 |a 571.6 DER 1997  |2 21 
100 0 |a De Robertis, Eduardo M. F  |9 392932 
245 1 0 |a Biología celular y molecular 
250 |a Décimo segunda edición 
260 |a Buenos Aires  |b El Ateneo  |c 1997 
300 |a 469 páginas 
583 |a last modification  |c 19971024 00:00:00  |k Rodrigo Vera 
650 0 |a Biología celular  |x Biología molecular  |9 341055 
650 0 |a Citoquímica  |9 269548 
650 0 |a Membrana celular  |x Mitosis  |9 365516 
650 0 |a Ácido ribonucleico  |x Proteínas  |9 348842 
700 0 |a Hib, José  |9 392933 
700 0 |a Ponzio, Roberto  |9 392934 
942 |c BK  |2 ddc 
945 |d 19971024 00:00:00  |a rleighto 
952 |0 0  |1 0  |2 ddc  |4 0  |6 571_600000000000000_DER_1997  |7 0  |8 A  |9 291442  |a BIBING  |b BIBING  |c RES  |d 2019-11-19  |i 3357929  |o 571.6 DER 1997  |p 3357929  |r 2025-01-20  |t 21  |w 2019-11-19  |y BK  |k EIB 
952 |0 0  |1 0  |2 ddc  |4 0  |6 571_600000000000000_DER_1997  |7 0  |8 A  |9 291445  |a BIBING  |b BIBING  |c RES  |d 2019-11-19  |i 3357961  |o 571.6 DER 1997  |p 3357961  |r 2025-01-20  |t 24  |w 2019-11-19  |y BK  |k EIB 
952 |0 0  |1 0  |2 ddc  |4 0  |6 571_600000000000000_DER_1997  |7 0  |8 A  |9 291447  |a BIBCUR  |b BIBCUR  |d 2019-11-19  |i 3357988  |o 571.6 DER 1997  |p 3357988  |r 2025-04-22  |t 2  |w 2019-11-19  |y BK  |k KIN 
952 |0 0  |1 0  |2 ddc  |4 0  |6 571_600000000000000_DER_1997  |7 0  |8 A  |9 291448  |a BIBCUR  |b BIBCUR  |d 2019-11-19  |i 3357996  |o 571.6 DER 1997  |p 3357996  |r 2025-04-22  |t 3  |w 2019-11-19  |y BK  |k KIN 
952 |0 0  |1 0  |2 ddc  |4 0  |6 571_600000000000000_DER_1997  |7 0  |8 A  |9 291449  |a BIBCUR  |b BIBCUR  |d 2019-11-19  |i 3358003  |o 571.6 DER 1997  |p 3358003  |r 2025-04-22  |t 4  |w 2019-11-19  |y BK  |k KIN 
952 |0 0  |1 0  |2 ddc  |4 0  |6 571_600000000000000_DER_1997  |7 0  |8 A  |9 291450  |a BIBCUR  |b BIBCUR  |d 2019-11-19  |i 3358011  |l 1  |m 1  |o 571.6 DER 1997  |p 3358011  |r 2025-04-22  |s 2025-04-04  |t 5  |w 2019-11-19  |y BK  |k KIN 
952 |0 0  |1 0  |2 ddc  |4 0  |6 571_600000000000000_DER_1997  |7 0  |8 A  |9 291452  |a BIBALI  |b BIBALI  |c RES  |d 2019-11-19  |i 3358038  |o 571.6 DER 1997  |p 3358038  |r 2025-01-20  |t 30  |w 2019-11-19  |y BK_R  |k ALI 
952 |0 0  |1 0  |2 ddc  |4 0  |6 571_600000000000000_DER_1997  |7 0  |8 A  |9 291454  |a BIBALI  |b BIBALI  |c RES  |d 2019-11-19  |i 3358054  |o 571.6 DER 1997  |p 3358054  |r 2025-01-20  |t 32  |w 2019-11-19  |y BK_R  |k ALI 
952 |0 0  |1 0  |2 ddc  |4 0  |6 571_600000000000000_DER_1997  |7 0  |8 A  |9 291460  |a BIBCUR  |b BIBCUR  |d 2019-11-19  |i 3358127  |o 571.6 DER 1997  |p 3358127  |r 2025-04-22  |t 6  |w 2019-11-19  |y BK  |k BIO 
952 |0 0  |1 0  |2 ddc  |4 0  |6 571_600000000000000_DER_1997  |7 0  |8 A  |9 291461  |a BIBCUR  |b BIBCUR  |d 2019-11-19  |i 3358143  |o 571.6 DER 1997  |p 3358143  |r 2025-04-22  |t 7  |w 2019-11-19  |y BK  |k BIO 
952 |0 0  |1 0  |2 ddc  |4 0  |6 571_600000000000000_DER_1997  |7 0  |8 A  |9 291462  |a BIBCUR  |b BIBCUR  |d 2019-11-19  |i 3358151  |o 571.6 DER 1997  |p 3358151  |r 2025-04-22  |t 8  |w 2019-11-19  |y BK  |k BIO 
952 |0 0  |1 0  |2 ddc  |4 0  |6 571_600000000000000_DER_1997  |7 0  |8 A  |9 291464  |a BIBCUR  |b BIBCUR  |d 2019-11-19  |i 3358186  |o 571.6 DER 1997  |p 3358186  |r 2025-04-22  |t 10  |w 2019-11-19  |y BK  |k BIO 
952 |0 0  |1 0  |2 ddc  |4 0  |6 571_600000000000000_DER_1997  |7 0  |8 A  |9 291465  |a BIBCUR  |b BIBCUR  |d 2019-11-19  |i 3358194  |o 571.6 DER 1997  |p 3358194  |r 2025-04-22  |t 11  |w 2019-11-19  |y BK  |k BIO 
952 |0 0  |1 0  |2 ddc  |4 0  |6 571_600000000000000_DER_1997  |7 0  |8 A  |9 291466  |a BIBCUR  |b BIBCUR  |d 2019-11-19  |i 3358208  |o 571.6 DER 1997  |p 3358208  |r 2025-04-22  |t 12  |w 2019-11-19  |y BK  |k BIO 
952 |0 0  |1 0  |2 ddc  |4 0  |6 571_600000000000000_DER_1997  |7 0  |8 A  |9 291467  |a BIBCUR  |b BIBCUR  |d 2019-11-19  |i 3479994  |o 571.6 DER 1997  |p 3479994  |r 2025-04-22  |t 13  |w 2019-11-19  |y BK  |k BIO 
952 |0 0  |1 0  |2 ddc  |4 0  |6 571_600000000000000_DER_1997  |7 0  |8 A  |9 291470  |a BIBCUR  |b BIBCUR  |d 2019-11-19  |i 3576531  |o 571.6 DER 1997  |p 3576531  |r 2025-04-22  |t 16  |w 2019-11-19  |y BK  |k BCB 
952 |0 0  |1 0  |2 ddc  |4 0  |6 571_600000000000000_DER_1997  |7 0  |8 A  |9 291471  |a BIBCUR  |b BIBCUR  |d 2019-11-19  |i 3576558  |o 571.6 DER 1997  |p 3576558  |r 2025-04-22  |t 17  |w 2019-11-19  |y BK  |k BCB 
952 |0 0  |1 0  |2 ddc  |4 0  |6 571_600000000000000_DER_1997  |7 0  |8 A  |9 291472  |a BIBCUR  |b BIBCUR  |d 2019-11-19  |i 3576566  |o 571.6 DER 1997  |p 3576566  |r 2025-04-22  |t 18  |w 2019-11-19  |y BK  |k BCB 
952 |0 0  |1 0  |2 ddc  |4 0  |6 571_600000000000000_DER_1997  |7 0  |8 A  |9 291473  |a BIBCUR  |b BIBCUR  |d 2019-11-19  |i 3576574  |o 571.6 DER 1997  |p 3576574  |r 2025-04-22  |t 19  |w 2019-11-19  |y BK  |k BCB 
952 |0 0  |1 0  |2 ddc  |4 0  |6 571_600000000000000_DER_1997  |7 0  |8 A  |9 291474  |a BIBCUR  |b BIBCUR  |d 2019-11-19  |i 3576582  |o 571.6 DER 1997  |p 3576582  |r 2025-04-22  |t 20  |w 2019-11-19  |y BK  |k BCB 
952 |0 0  |1 0  |2 ddc  |4 0  |6 571_600000000000000_DER_1997  |7 0  |8 A  |9 291477  |a BIBALI  |b BIBALI  |c RES  |d 2019-11-19  |i 3576620  |o 571.6 DER 1997  |p 3576620  |r 2025-01-20  |t 35  |w 2019-11-19  |y BK_R  |k ALI 
952 |0 0  |1 0  |2 ddc  |4 0  |6 571_600000000000000_DER_1997  |7 0  |8 A  |9 291478  |a BIBING  |b BIBING  |c RES  |d 2019-11-19  |i 3576639  |o 571.6 DER 1997  |p 3576639  |r 2025-01-20  |t 25  |w 2019-11-19  |y BK  |k ING 
952 |0 0  |1 0  |2 ddc  |4 0  |6 571_600000000000000_DER_1997  |7 0  |8 A  |9 291479  |a BIBING  |b BIBING  |c RES  |d 2019-11-19  |i 3576647  |o 571.6 DER 1997  |p 3576647  |r 2025-01-20  |t 26  |w 2019-11-19  |y BK  |k ING 
952 |0 0  |1 0  |2 ddc  |4 0  |6 571_600000000000000_DER_1997  |7 0  |8 A  |9 291480  |a BIBING  |b BIBING  |c RES  |d 2019-11-19  |i 3576655  |o 571.6 DER 1997  |p 3576655  |r 2025-01-20  |t 27  |w 2019-11-19  |y BK  |k ING 
952 |0 0  |1 0  |2 ddc  |4 0  |6 571_600000000000000_DER_1997  |7 0  |8 A  |9 291481  |a BIBING  |b BIBING  |c RES  |d 2019-11-19  |i 3576663  |o 571.6 DER 1997  |p 3576663  |r 2025-01-20  |t 28  |w 2019-11-19  |y BK  |k ING